000 00669nam a2200193Ia 4500
003 GCL
008 140319s9999 xx 000 0 ara d
040 _aGCL /
_cGCL
082 0 4 _a811.009
_bا ش
100 1 _aادونيس
245 1 0 _aالشعرية العربية : محاضرات القيت فى الكوليج دوفرانس , باريس , ايار 1984 /
_cادونيس
300 _a112 ص
490 _a
650 0 4 _aالشعراء العرب
650 0 4 _aالشعر العربى - تاريخ ونقد
650 0 4 _aالشعر العربى - العصر الحديث
650 0 4 _aالبلاغة العربية - تاريخ ونقد
942 _2ddc
_cBK
999 _c40023
_d40023